000
00284nam a22001097a 4500
008
170112b xxu||||| |||| 00| 0 eng d
020
_a
9781854570420
041
_a
eng
080
_2
3RD
_a
618.2
245
_a
ESSENTIAL MANAGEMENT OF OBSTETRIC EMERGENCIES
_c
BASKETT, TH.F
942
_2
udc
_c
BK
999
_c
2735
_d
2735